000 00554cam a22002291 4500
001 7432328
005 20180302071126.0
008 750703s1951 pau 000 0 eng
010 _a 51008109
015 _aGB52-2309
035 _a(OCoLC)1428139
040 _aDLC
_cNmU
_dOCoLC
_dUk
_dDLC
041 _aeng
080 _a329.3
082 _a329.3 PAU
100 1 _a19
101 _aSHP
245 1 0 _aRift in the Democracy.
504 _aBibliography : p. 185-195.
906 _a7
_bcbc
_coclcrpl
_du
_encip
_f19
_gy-gencatlg
942 _2ddc
_cBK
999 _c44032
_d44032